000 00785nam a2200265Ia 4500
003 OSt
005 20221005092118.0
006 a|||||r|||| 00| 0
007 ta
008 221004b |||||||| |||| 00| 0 eng d
020 _a9781138202214
_cUKP 74.99
024 _a38614
037 _b540, 12/03/2018, Bright Book Service
_cTextual
040 _aCRL
_cCRL
_beng
041 _2eng
_aeng
082 _aW:1, Q7
100 _aSimon Christopher A. Au.
_9616898
245 0 _aPublic policy
_b preferences and outcomes
250 _a3rd
260 _aNew York
_bRoutledge
_c2017
650 _a POLITICAL SCIENCE
650 _aCIVIL SERVICE
942 _hW:1, Q7
_cTEXL
_2cc
999 _c998356
_d998356